The griffin : (Record no. 2119)

MARC details
000 -LEADER
fixed length control field 00773nam a22002777a 4500
005 - DATE AND TIME OF LATEST TRANSACTION
control field 20241119100922.0
020 ## - INTERNATIONAL STANDARD BOOK NUMBER
International Standard Book Number 9788956354071
040 ## - CATALOGING SOURCE
Original cataloging agency FISKH
Language of cataloging eng
Transcribing agency FISKH
Modifying agency FISKH
050 ## - LIBRARY OF CONGRESS CALL NUMBER
Classification number PZ8.A95
082 ## - DEWEY DECIMAL CLASSIFICATION NUMBER
Classification number 398.21
100 ## - MAIN ENTRY--PERSONAL NAME
Personal name Choi, Hyejung
245 ## - TITLE STATEMENT
Title The griffin :
Remainder of title Brother Grimm /
250 ## - EDITION STATEMENT
Edition statement First published by XACT, 2009
260 ## - PUBLICATION, DISTRIBUTION, ETC.
Place of publication, distribution, etc. Seoul :
Name of publisher, distributor, etc. XACT,
Date of publication, distribution, etc. 2009
300 ## - PHYSICAL DESCRIPTION
Extent 34 pages :
Dimensions 20 cm
505 ## - FORMATTED CONTENTS NOTE
Formatted contents note O
520 ## - SUMMARY, ETC.
Summary, etc. A young boy is told to visit the all-knowing griffin. How will the boy survive the meeting, and what secrets will he learn?
521 ## - TARGET AUDIENCE NOTE
Target audience note 700
Source Lexile estimate
521 ## - TARGET AUDIENCE NOTE
Target audience note O
Source Raz-Plus
650 ## - SUBJECT ADDED ENTRY--TOPICAL TERM
Topical term or geographic name entry element Folktale
650 ## - SUBJECT ADDED ENTRY--TOPICAL TERM
Topical term or geographic name entry element Magic
650 ## - SUBJECT ADDED ENTRY--TOPICAL TERM
Topical term or geographic name entry element Secret
700 ## - ADDED ENTRY--PERSONAL NAME
Personal name Wilburn, Jason
Relator term Editor
942 ## - ADDED ENTRY ELEMENTS (KOHA)
Source of classification or shelving scheme Dewey Decimal Classification
Koha item type Books
Suppress in OPAC No
999 ## -
-- 2119
-- 2119
Holdings
Withdrawn status Lost status Source of classification or shelving scheme Damaged status Not for loan Collection Home library Current library Shelving location Date acquired Total Checkouts Full call number Barcode Date last seen Price effective from Koha item type Copy number
    Dewey Decimal Classification     Juvenile Fiction Footprints International School Library Network Toul Kork Campus Footprints International School Library Network Toul Kork Campus TK Primary Library Room(4th Floor), Bookcase 5&6, Shelves 33-56, Orange Books 11/07/2023   CHO 398.21 PZ8.A95 FISBK07665 11/07/2023 11/07/2023 Books  
    Dewey Decimal Classification     Juvenile Fiction Footprints International School Library Network Toul Kork Campus Footprints International School Library Network Toul Kork Campus TK Primary Library Room(4th Floor), Bookcase 5&6, Shelves 33-56, Orange Books 11/19/2024   CHO 398.21 PZ8.A95 2024-2332 11/19/2024 11/19/2024 Books 2